[Event "Unterfranken-ch M2 58th"]
[Site "Wuerzburg"]
[Date "2007.??.??"]
[Round "3"]
[White "Arens, Johannes"]
[Black "Drescher, Frank"]
[Result "1-0"]
[WhiteElo "1889"]
[BlackElo "1854"]
[PlyCount "141"]
[EventDate "2007.04.09"]
[EventType "swiss"]
[EventRounds "9"]
[EventCountry "GER"]
[SourceTitle "EXT 2015"]
[Source "ChessBase"]
[SourceDate "2014.11.20"]
[SourceVersion "1"]
[SourceVersionDate "2014.11.20"]
[SourceQuality "1"]

1. e4 c5 2. d4 cxd4 3. c3 d3 4. c4 Nc6 5. Bxd3 d6 6. Nc3 g6 7. Nge2 Bg7 8. 0-0 Nf6 9. Bg5 0-0 10. Rb1 Bd7 11. Nd5 e6 12. Ndc3 a6 13. Qd2 Qc7 14. b3 Rfd8 15. Rbd1 Ne7 16. Qf4 Nh5 17. Qh4 f6 18. Be3 Bh8 19. g4 Ng7 20. Qxf6 Ngf5 21. Qg5 Nxe3 22. fxe3 Nc6 23. h4 Rf8 24. h5 Ne5 25. Nd4 Qd8 26. Qxd8 Raxd8 27. Be2 Bf6 28. Kg2 Bg5 29. Rxf8+ Kxf8 30. Nc2 Ke7 31. hxg6 hxg6 32. Rh1 Bc6 33. Rh7+ Nf7 34. Rh3 Bf6 35. Nd4 Ng5 36. Rh6 Kf7 37. Bf3 Rh8 38. Rxh8 Bxh8 39. Kg3 Be5+ 40. Kf2 Bd7 41. Bg2 Nh7 42. Nce2 Nf6 43. Bf3 Ke7 44. Nc1 Ne8 45. Nd3 Bf6 46. Bg2 Nc7 47. Nf3 Bg7 48. Nh4 Kf7 49. e5 d5 50. cxd5 exd5 51. Bf3 Bb5 52. Nf4 g5 53. Nxd5 Bxe5 54. Nf5 Ne6 55. Nde7 Nd8 56. Bd5+ Ke8 57. Ng6 Bc7 58. Kf3 a5 59. Ke4 Nc6 60. Nd4 Nxd4 61. exd4 Bd7 62. Ne5 Bc8 63. Kf3 Ke7 64. Be4 Kf6 65. Nd3 b5 66. Bc6 b4 67. Nc5 Bb6 68. Bd5 Ke7 69. Bc4 Kd6 70. Ne4+ Ke7 71. d5 1-0

[Event "Berlin op 08"]
[Site "Berlin"]
[Date "2006.08.20"]
[Round "2"]
[White "Drescher, Frank"]
[Black "Feierabend, Johanna"]
[Result "1/2-1/2"]
[WhiteElo "1753"]
[BlackElo "1403"]
[PlyCount "71"]
[EventDate "2006.08.19"]
[EventType "swiss"]
[EventRounds "9"]
[EventCountry "GER"]
[SourceTitle "EXT 2007"]
[Source "ChessBase"]
[SourceDate "2006.11.23"]
[SourceVersion "1"]
[SourceVersionDate "2006.11.23"]
[SourceQuality "1"]

1. d4 Nf6 2. c4 e6 3. Nf3 b6 4. g3 Bb7 5. Bg2 Be7 6. 0-0 0-0 7. Nc3 d5 8. b3 Bb4 9. Bb2 Nbd7 10. Qc2 Bxc3 11. Bxc3 Ne4 12. Bb2 Ndf6 13. Ne5 h6 14. Rac1 Rc8 15. cxd5 Bxd5 16. Nc6 Bxc6 17. Qxc6 Nd6 18. e4 Nh7 19. Rfd1 Qe8 20. Ba3 Qxc6 21. Rxc6 Rfd8 22. Rdc1 Nb5 23. Bb2 Nxd4 24. Bxd4 Rxd4 25. Rxc7 Rd1+ 26. Rxd1 Rxc7 27. f4 f6 28. Rd2 e5 29. Bf1 g5 30. f5 Kf8 31. Kf2 Ke7 32. Kf3 h5 33. h3 Rc3+ 34. Kf2 Nf8 35. Bb5 Rc7 36. Ke3 1/2-1/2

[Event "Unterfranken-ch HA 57th"]
[Site "Prichsenstadt"]
[Date "2006.04.18"]
[Round "3"]
[White "Drescher, Frank"]
[Black "Popp, Dragan"]
[Result "1-0"]
[WhiteElo "1854"]
[BlackElo "1591"]
[PlyCount "61"]
[EventDate "2006.04.17"]
[EventType "swiss"]
[EventRounds "9"]
[EventCountry "GER"]
[SourceTitle "EXT 2015"]
[Source "ChessBase"]
[SourceDate "2014.11.20"]
[SourceVersion "1"]
[SourceVersionDate "2014.11.20"]
[SourceQuality "1"]

1. d4 Nf6 2. c4 e6 3. Nf3 Bb4+ 4. Bd2 Bxd2+ 5. Nbxd2 d6 6. g3 b6 7. Bg2 Bb7 8. Qc2 Qe7 9. 0-0 0-0 10. e4 e5 11. Rfe1 Rc8 12. Nf1 c5 13. dxe5 dxe5 14. Rad1 Nc6 15. b3 Nd4 16. Nxd4 cxd4 17. Qd3 Rc7 18. f4 exf4 19. gxf4 Rd7 20. e5 Nh5 21. Bxb7 Rxb7 22. Qxd4 Qh4 23. Qe4 Rbb8 24. f5 Qe7 25. Rd3 Re8 26. Ng3 Nxg3 27. Rxg3 Rad8 28. Rxg7+ Kxg7 29. f6+ Qxf6 30. exf6+ Kf8 31. Qb1 1-0